| 000 | 00370 a2200121 4500 | ||
|---|---|---|---|
| 005 | 20260314070105.0 | ||
| 020 | _a9987617042 | ||
| 100 | _aKUZILWA,J | ||
| 245 | _aMarket Liberation and the Agro-Industrial Potentialin Tanzania | ||
| 260 |
_aMzumbe _bResearch, Information and Publication Centre _c1997 |
||
| 300 |
_avi,161p;ill:tables _bBibliography _c24cm |
||
| 942 |
_2ddc _cBKS |
||
| 999 |
_c6818 _d6818 |
||